书目信息 |
| 题名: |
建设节水型社会的实践与思考
|
|
| 作者: | 李希 , 田宝忠 著 | |
| 分册: | ||
| 出版信息: | 北京 中国水利水电出版社 2003.10 |
|
| 页数: | 236页, [14] 页图版 | |
| 开本: | 21cm | |
| 丛书名: | ||
| 单 册: | ||
| 中图分类: | TV213.4 | |
| 科图分类: | ||
| 主题词: | 水资源管理--shui zi yuan guan li--研究--中国 , 节约用水--jie yue yong shui--研究--中国 | |
| 电子资源: | ||
| ISBN: | 7-5084-1745-3 | |
| 000 | 01123nam0 2200265 450 | |
| 001 | 012008542577 | |
| 005 | 20080317105944.18 | |
| 010 | @a7-5084-1745-3@dCNY26.00 | |
| 100 | @a20080317d2003 km y0chiy0120 ea | |
| 101 | 0 | @achi |
| 102 | @aCN@b110000 | |
| 105 | @aaf a 000yy | |
| 106 | @ar | |
| 200 | 1 | @a建设节水型社会的实践与思考@Ajian she jie shui xing she hui de shi jian yu si kao@f李希, 田宝忠著@Fli xi,tian bao zhong zhu |
| 210 | @a北京@c中国水利水电出版社@d2003.10 | |
| 215 | @a236页, [14] 页图版@c图 (部分彩图)@d21cm | |
| 320 | @a有书目 (第235-236页)。 | |
| 330 | @a本书从节水型社会建设的时代背景和区域背景入手,分析了世界及我国生态环境及其水资源形势;对张掖节水型社会试点建设实践的总结;对有关节水理论进行了探索和理性思考;阐述了政府调控、市场引导、公众参与的节水理念;对建设节水型社会的体系构成和机制创新进行了思考和探索。 | |
| 606 | 0 | @a水资源管理@Ashui zi yuan guan li@x研究@y中国 |
| 606 | 0 | @a节约用水@Ajie yue yong shui@x研究@y中国 |
| 690 | @aTV213.4@v4 | |
| 701 | 0 | @a李希@Ali xi@4著 |
| 701 | 0 | @a田宝忠@Atian bao zhong@4著 |
| 801 | 0 | @aCN@bQSSK@c20080317 |
| 905 | @b20286533-35@dTV213.4@eL303@f3 | |
| 建设节水型社会的实践与思考/李希, 田宝忠著.-北京:中国水利水电出版社,2003.10 |
| 236页, [14] 页图版:图 (部分彩图);21cm |
| ISBN 7-5084-1745-3:CNY26.00 |
| 本书从节水型社会建设的时代背景和区域背景入手,分析了世界及我国生态环境及其水资源形势;对张掖节水型社会试点建设实践的总结;对有关节水理论进行了探索和理性思考;阐述了政府调控、市场引导、公众参与的节水理念;对建设节水型社会的体系构成和机制创新进行了思考和探索。 |
| ● |
| 相关链接 |
|
|
|
正题名:建设节水型社会的实践与思考
索取号:TV213.4/L303
 
预约/预借
| 序号 | 登录号 | 条形码 | 馆藏地/架位号 | 状态 | 备注 |
| 1 | 286533 | 202865337 | 自科库501/501自科库 47排7列2层/ [索取号:TV213.4/L303] | 在馆 | |
| 2 | 286534 | 202865346 | 自科二线504/504自科库 41排5列1层/ [索取号:TV213.4/L303] | 在馆 | |
| 3 | 286535 | 202865355 | 自科二线504/504自科库 41排5列1层/ [索取号:TV213.4/L303] | 在馆 |